| 000 | 00335nam a22001337a 4500 | ||
|---|---|---|---|
| 020 | _a9788131502235 | ||
| 082 |
_222 _a808.00622 |
||
| 100 | _aAnderson, Paulv. | ||
| 245 | _aTechnical communication / | ||
| 250 | _a6 th. | ||
| 260 |
_aNew Delhi, _bCengange Learning, _cc2009. |
||
| 300 |
_axxiv,722 p. ; _bill. ; _c23 cm. |
||
| 942 |
_2ddc _cBK |
||
| 999 |
_c1983 _d1983 |
||